Ecuaciones integrales / (Record no. 87319)

MARC details
000 -LEADER
campo de control de longitud fija 00644nam a2200205 i 4500
001 - NÚMERO DE CONTROL
campo de control 87319
003 - IDENTIFICADOR DE NÚMERO DE CONTROL
campo de control ES-MaACL
005 - FECHA Y HORA DE LA ÚLTIMA TRANSACCIÓN
campo de control 20230906175639.0
007 - CAMPO FIJO DE DESCRIPCIÓN FÍSICA--INFORMACIÓN GENERAL
campo de control de longitud fija t|
008 - DATOS DE LONGITUD FIJA--INFORMACIÓN GENERAL
campo de control de longitud fija 041221s1970 xxr ||||1| spa d
100 1# - ENTRADA PRINCIPAL--NOMBRE DE PERSONA
Nombre de persona Krasnov, Mijail Leontevich.
9 (RLIN) 68742
245 10 - MENCIÓN DEL TÍTULO
Título Ecuaciones integrales /
Mención de responsabilidad, etc. M.L. Krasnov, A.I. Kiseliov, G.I. Makarencko ; [traducido del ruso por Juan José Tolosa].
260 ## - PUBLICACIÓN, DISTRIBUCIÓN, ETC.
Lugar de publicación, distribución, etc. Moscú :
Nombre del editor, distribuidor, etc. Miz,
Fecha de publicación, distribución, etc. 1970.
300 ## - DESCRIPCIÓN FÍSICA
Extensión 188 p. ;
Dimensiones 20 cm.
700 1# - ENTRADA AGREGADA--NOMBRE PERSONAL
Nombre de persona Kiseliov, A. I.
9 (RLIN) 68151
700 1# - ENTRADA AGREGADA--NOMBRE PERSONAL
Nombre de persona Makarencko, G. I.
9 (RLIN) 75656
700 1# - ENTRADA AGREGADA--NOMBRE PERSONAL
Nombre de persona Tolosa , Juan José.
9 (RLIN) 210707
852 ## - LOCALIZACIÓN
Ubicación ES-MaACL
Número de control de estantería C-56769
Sublocalización o colección R.89554
Holdings
Estatus retirado Estado de pérdida Estado de daño No para préstamo Biblioteca de origen Biblioteca actual Ubicación en estantería Fecha de adquisición Fuente de adquisición Total de préstamos Signatura topográfica completa Código de barras Visto por última vez Precio de reemplazo Tipo de ítem Koha
        Biblioteca del Ateneo de Madrid Biblioteca del Ateneo de Madrid Depósito 2 17/01/2008     C-56769 1091226 23/02/2023 23/02/2023 Libro impreso